Days of the Week in Hungarian - Statistics

General Stats
  • This quiz has been taken 40 times
  • The average score is 6 of 7
Answer Stats
Day % Correct
szerda
95%
hétfő
91%
kedd
91%
péntek
91%
vasárnap
91%
csütörtök
86%
szombat
86%
No matching quizzes found
Score Distribution
Percent of People with Each Score
Percentile by Number Answered
Your Score History
You have not taken this quiz